López Rega y las AAA /

Guardado en:
Autor Principal: Sein, Santiago
Autores Corporativos: Canal Encuentro., Universidad Nacional de Córdoba.
Formato: Deslizar
Publicado: Argentina, 2008.
Series:Crónicas De Archivo - Capítulo 10
Materias:
Etiquetas: Agregar Etiqueta
Sin Etiquetas, Sea el primero en etiquetar este registro!
LEADER 01268ngm a22003615g 4500
001 CEM.cems023094
008 130507s2008##################0###0#####d
005 20241211162443.0
245 1 0 |a López Rega y las AAA /  |c Santiago Sein. 
260 |a Argentina,  |c 2008. 
300 |a 29'. 
490 0 |a Crónicas De Archivo - Capítulo 10 
500 |a Consultar en ventanilla. 
538 |a Soporte: DVD - Color: Si - Grabación DRD 
590 |a Identificación SIABUC: DVD Nº 59 
505 0 |a José López Rega, vinculación con Perón y presencia cada vez más influyente en el entorno. Funciones como ministro y creación de la Triple A. Su poder con Isabel en el Gobierno. Ocaso y abandono del país. Extradición y muerte. 
100 1 |a Sein, Santiago 
710 2 |a Canal Encuentro. 
710 2 |a Universidad Nacional de Córdoba. 
082 9 8 |/ SEI-1 
082 9 8 |/ ONG 
653 |a HISTORIA 
653 |a HISTORIA ARGENTINA 
653 |a CRONICAS DE ARCHIVO 
653 |a LOPEZ REGA 
653 |a TRIPLE A 
653 |a PERONISMO 
653 |a PERON 
653 |a PERON, ISABEL 
653 |a DECADA DEL 70' 
653 |a NIVEL PRIMARIO 
653 |a NIVEL SECUNDARIO 
859 |a CEMS  |b BIB. CEMS - Depto. Recursos Didacticos  |h 982  |i SEI-1  |k DRD  |p 1737.12  |t Ej.1